Extractive industries and sustainable development : (Record no. 58773)
[ view plain ]
| 000 -LEADER | |
|---|---|
| fixed length control field | 01444nam a2200337 a 4500 |
| 001 - CONTROL NUMBER | |
| control field | 58773 |
| 003 - CONTROL NUMBER IDENTIFIER | |
| rucl marc code | BD-RjUL |
| 005 - DATE AND TIME OF LATEST TRANSACTION | |
| control field | 20211209080645.0 |
| 008 - FIXED-LENGTH DATA ELEMENTS--GENERAL INFORMATION | |
| fixed length control field | 161219s2005 dcua b i000 0 eng |
| 020 ## - INTERNATIONAL STANDARD BOOK NUMBER | |
| International Standard Book Number | 9780821357101 |
| International Standard Book Number | 0821357107 |
| International Standard Book Number | 0821357115 (eISBN) |
| 035 ## - SYSTEM CONTROL NUMBER | |
| System control number | (BD-RjUL)58897 |
| 040 ## - CATALOGING SOURCE | |
| Original cataloging agency | DLC |
| Transcribing agency | DLC |
| Modifying agency | DLC |
| Language of cataloging | eng |
| 041 ## - LANGUAGE CODE | |
| Language code of text/sound track or separate title | eng |
| 082 00 - DEWEY DECIMAL CLASSIFICATION NUMBER | |
| Classification number | 338.2091724 |
| Edition number | 22 |
| Author mark and year | LIE 2005 |
| 100 1# - MAIN ENTRY--PERSONAL NAME | |
| Personal name | Liebenthal, Andrés, |
| Dates associated with a name | 1947- |
| 9 (RLIN) | 174715 |
| 245 10 - TITLE STATEMENT | |
| Title | Extractive industries and sustainable development : |
| Remainder of title | an evaluation of the World Bank Group experience / |
| Statement of responsibility, etc. | Andres Liebenthal, Roland Michelitsch, Ethel Tarazona. |
| 260 ## - PUBLICATION, DISTRIBUTION, ETC. (IMPRINT) | |
| Place of publication, distribution, etc. | Washington, DC : |
| Name of publisher, distributor, etc. | World Bank : |
| -- | International Finance Corp. : |
| -- | Multilateral Investment Guarantee Agency, |
| Date of publication, distribution, etc. | 2005. |
| 300 ## - PHYSICAL DESCRIPTION | |
| Pagination | xiv, 236 p. : |
| Illustrations | ill. ; |
| Size | 28 cm. |
| 500 ## - GENERAL NOTE | |
| General note | At head of title: World Bank Operations Evaluation Department, IFC Operations Evaluation Group, MIGA Operations Evaluation Unit. |
| 504 ## - BIBLIOGRAPHY, ETC. NOTE | |
| Bibliography, etc | Includes bibliographical references. |
| 610 20 - SUBJECT ADDED ENTRY--CORPORATE NAME | |
| Corporate name or jurisdiction name as entry element | World Bank Group |
| 650 #0 - SUBJECT ADDED ENTRY--TOPICAL TERM | |
| Topical term or geographic name as entry element | Mineral industries |
| General subdivision | Environmental aspects |
| Geographic subdivision | Developing countries. |
| 9 (RLIN) | 174717 |
| Topical term or geographic name as entry element | Sustainable development |
| Geographic subdivision | Developing countries. |
| 9 (RLIN) | 174062 |
| Topical term or geographic name as entry element | Economic development projects |
| Geographic subdivision | Developing countries |
| General subdivision | Evaluation. |
| 9 (RLIN) | 174718 |
| 700 1# - ADDED ENTRY--PERSONAL NAME | |
| Personal name | Michelitsch, Roland. |
| Personal name | Tarazona, Ethel I., |
| Dates associated with a name | 1963- |
| 942 ## - ADDED ENTRY ELEMENTS (KOHA) | |
| Source of classification or shelving scheme | Dewey Decimal Classification |
| Koha item type | Books |
| Lost status | Source of classification or shelving scheme | Damaged status | Not for loan | Collection code | Permanent Location | Current Location | Shelving location | Date acquired | Source of acquisition | Total Checkouts | Full call number | Date last seen | Copy number | Koha item type |
|---|---|---|---|---|---|---|---|---|---|---|---|---|---|---|
| Dewey Decimal Classification | Not For Loan | Non-fiction | Central Library, University of Rajshahi | Central Library, University of Rajshahi | Reading Room | 21/04/2007 | Japan Foundation | 338.2091724 LIE 2005 | 19/12/2016 | C-1 | Books |